000 00884nac a22002291u 4500
010 _a 2006023738
020 _a1418009636
082 0 0 _a629.2504
_bGIL
090 _c8058
_d8058
100 _aGilles, Tim,
245 1 0 _aAutomotive engines :
_bdiagnosis, repair, rebuilding /
_cTim Gilles.
250 _a5th ed.
260 _aClifton Park, NY :
_bThomson/Delmar Learning,2007
_cc2007.
300 _axx, 663 p. :
_bill. ;
_c28 cm.
500 _aIncludes index.
500 _adistributer: Al-Ahram
511 _acatalogued by: wessam
650 0 _aAutomobiles
_xMotors
_xMaintenance and repair.
856 4 1 _3Table of contents only
_uhttp://www.loc.gov/catdir/toc/ecip0617/2006023738.html
942 _cBB
_k629.2504GIL
999 _c8058
_d8058